|
|
|
|
| LEADER |
00000nas a2200000 a 4500 |
| 001 |
ssj0012516 |
| 003 |
WaSeSS |
| 005 |
20200512172242.0 |
| 006 |
m d |
| 007 |
cr n |
| 008 |
021211c19609999enkqr pss o 0 a0eng c |
| 010 |
|
|
|a 2002227222
|
| 016 |
7 |
|
|a 2008795-0
|2 DE-600
|
| 022 |
|
|
|a 1468-2648
|l 0305-7410
|y 0305-7410
|
| 035 |
|
|
|a (WaSeSS)ssj0012516
|
| 040 |
|
|
|a EYM
|b eng
|c EYM
|d OCLCQ
|d GUA
|d OCLCQ
|d NUI
|d OCLCF
|d OCLCO
|d OCLCQ
|d DEBBG
|d OCLCA
|d RCE
|d VT2
|d SFB
|d WaSeSS
|
| 042 |
|
|
|a pcc
|
| 043 |
|
|
|a a-cc---
|
| 050 |
1 |
4 |
|a DS701
|
| 082 |
0 |
4 |
|a 951
|
| 130 |
0 |
|
|a China quarterly (Online)
|
| 222 |
|
0 |
|a China quarterly
|b (Cambridge. Online)
|
| 245 |
1 |
4 |
|a The China quarterly
|h [electronic resource].
|
| 260 |
|
|
|a Paris :
|b Congress for Cultural Freedom,
|c 1960-
|
| 310 |
|
|
|a Quarterly
|
| 362 |
0 |
|
|a No. 1 (Jan./Mar. 1960)-
|
| 500 |
|
|
|a Title from title screen (viewed Dec. 12, 2002).
|
| 500 |
|
|
|a Publisher varies: Information Bulletin, Ltd., 1962-Jan./Mar. 1968; Contemporary China Institute, School of Oriental and African Studies, University of London, Apr./June 1968-Sept. 1986; School of Oriental and African Studies, University of London, Dec. 1986-1993; Oxford University Press, 1994-
|
| 500 |
|
|
|a Place of publication varies: London, 1962-1993; Oxford, England, 1994-
|
| 500 |
|
|
|a Some issues also have a theme title.
|
| 506 |
|
|
|a License restrictions may limit access.
|
| 538 |
|
|
|a Mode of access: World Wide Web.
|
| 550 |
|
|
|a Published on behalf of: Congress for Cultural Freedom, 1962-July/Sept. 1967; International Association for Cultural Freedom, Oct./Dec. 1967-1970; School of Oriental and African Studies, University of London, 1994-
|
| 588 |
|
|
|a Latest issue consulted: No. 148 (Dec. 1996).
|
| 651 |
|
0 |
|a China
|x History
|v Periodicals.
|
| 651 |
|
0 |
|a China
|v Periodicals.
|
| 651 |
|
7 |
|a China.
|2 fast
|0 (OCoLC)fst01206073
|
| 655 |
|
0 |
|a Electronic journals.
|
| 710 |
2 |
|
|a Congress for Cultural Freedom.
|
| 710 |
2 |
|
|a International Association for Cultural Freedom.
|
| 710 |
2 |
|
|a University of London.
|b Contemporary China Institute.
|
| 710 |
2 |
|
|a University of London.
|b School of Oriental and African Studies.
|
| 776 |
1 |
|
|t China quarterly
|x 0305-7410
|w (DLC) 62000248
|w (OCoLC)1554322
|
| 856 |
4 |
0 |
|z Full text available from Research Library: 03/01/2001 to 12/31/2001
|u https://search.proquest.com/publication/34774
|
| 856 |
4 |
0 |
|z Full text available from Research Library: 06/02/2003 to 1 year ago
|u https://search.proquest.com/publication/34774
|